[Event "Velez Rapid op 10th"]
[Site "Velez Santander"]
[Date "2023.11.06"]
[Round "8"]
[White "Sequeda Mendoza, Nancy Stella"]
[Black "Fontecha Pastrana, Laura Sofia"]
[Result "0-1"]
[WhiteElo "1959"]
[BlackElo "1216"]
[PlyCount "85"]
[EventDate "2023.11.06"]
[EventType "swiss (rapid)"]
[EventRounds "10"]
[EventCountry "COL"]
[SourceTitle "CBM 217 Extra"]
[Source "ChessBase"]
[SourceDate "2024.01.31"]
[SourceVersion "1"]
[SourceVersionDate "2024.01.31"]
[SourceQuality "1"]

1. e4 e5 2. Bc4 Nf6 3. d3 h6 4. h3 Nc6 5. c3 Bc5 6. Nf3 d6 7. Be3 Bxe3 8. fxe3 Ne7 9. Nbd2 Ng6 10. Qb3 Qe7 11. 0-0-0 c6 12. a4 a6 13. Qa3 Bd7 14. a5 0-0 15. g4 Rfb8 16. g5 hxg5 17. Nxg5 d5 18. Qxe7 Nxe7 19. exd5 cxd5 20. Ba2 Bc6 21. Rhg1 Ng6 22. Ndf3 e4 23. dxe4 Nxe4 24. Nxe4 dxe4 25. Nd4 Ne5 26. Rdf1 Rf8 27. Rf5 Rae8 28. Rfg5 g6 29. h4 Nd3+ 30. Kd2 Re5 31. Rxg6+ Kh7 32. Rg7+ Kh8 33. Bxf7 Re7 34. Rg8+ Rxg8 35. Rxg8+ Kh7 36. Bb3 Nc5 37. Bc4 Bb5 38. Nf5 Rd7+ 39. Ke1 Bxc4 40. Rg5 Rd3 41. Nd4 Nd7 42. Rd5 Nc5 43. Rxc5 0-1

[Event "Velez op 10th"]
[Site "Velez Santander"]
[Date "2023.11.04"]
[Round "8"]
[White "Cortez Vilca, Tomas"]
[Black "Sequeda Mendoza, Nancy Stella"]
[Result "0-1"]
[WhiteElo "1439"]
[BlackElo "1959"]
[PlyCount "120"]
[EventDate "2023.11.01"]
[EventType "swiss"]
[EventRounds "10"]
[EventCountry "COL"]
[SourceTitle "CBM 217 Extra"]
[Source "ChessBase"]
[SourceDate "2024.01.31"]
[SourceVersion "1"]
[SourceVersionDate "2024.01.31"]
[SourceQuality "1"]

1. e4 c5 2. Nf3 e6 3. d4 cxd4 4. Nxd4 a6 5. Bd3 g6 6. Nc3 Bg7 7. Be3 Ne7 8. 0-0 b5 9. a3 Bb7 10. Qd2 0-0 11. Be2 Nbc6 12. Nxc6 Bxc6 13. Bh6 f5 14. Bxg7 Kxg7 15. Qd4+ Kg8 16. e5 f4 17. Ne4 Bxe4 18. Qxe4 Nc6 19. g3 Qg5 20. Bf3 fxg3 21. fxg3 Rf5 22. Bg4 Rxe5 23. Qf4 Qxf4 24. Rxf4 Rf8 25. Rd1 d5 26. a4 b4 27. Rdf1 Rxf4 28. gxf4 Re4 29. c3 Kf7 30. cxb4 Nxb4 31. Rc1 Nd3 32. Rc7+ Kf6 33. Rxh7 Rxa4 34. Rh8 Ra1+ 35. Kg2 Nxf4+ 36. Kg3 g5 37. h4 Rg1+ 38. Kf3 Rf1+ 39. Kg3 gxh4+ 40. Kh2 Ng6 41. Rg8 Rf2+ 42. Kg1 Rxb2 43. Bxe6 Kxe6 44. Rxg6+ Kf5 45. Rh6 Kg5 46. Rxa6 h3 47. Ra5 Rd2 48. Ra8 d4 49. Rh8 Rd3 50. Kh2 Kf4 51. Rf8+ Ke5 52. Re8+ Kd5 53. Rd8+ Kc4 54. Rc8+ Kb3 55. Kg1 Rc3 56. Rd8 d3 57. Kf2 Kc2 58. Ke3 h2 59. Rh8 d2+ 60. Ke4 d1Q 0-1

[Event "Velez op 10th"]
[Site "Velez Santander"]
[Date "2023.11.02"]
[Round "3"]
[White "Palencia Morales, Wilson Guillermo"]
[Black "Sequeda Mendoza, Nancy Stella"]
[Result "1-0"]
[WhiteElo "2158"]
[BlackElo "1959"]
[PlyCount "111"]
[EventDate "2023.11.01"]
[EventType "swiss"]
[EventRounds "10"]
[EventCountry "COL"]
[SourceTitle "CBM 217 Extra"]
[Source "ChessBase"]
[SourceDate "2024.01.31"]
[SourceVersion "1"]
[SourceVersionDate "2024.01.31"]
[SourceQuality "1"]

1. e4 e5 2. Nf3 Nc6 3. Bb5 a6 4. Ba4 d6 5. 0-0 Bd7 6. c3 g6 7. d4 Bg7 8. d5 Nb8 9. c4 Ne7 10. Nc3 0-0 11. Be3 Bxa4 12. Nxa4 h6 13. Nd2 f5 14. f3 Nd7 15. c5 b5 16. cxb6 cxb6 17. b4 b5 18. Nc3 Nb6 19. a4 Rc8 20. Ra3 bxa4 21. Nxa4 Nc4 22. Nxc4 Rxc4 23. Qb3 Rc8 24. Nb6 Rb8 25. Rxa6 fxe4 26. fxe4 Rxf1+ 27. Kxf1 Nc8 28. Nxc8 Qxc8 29. Ra1 Qb7 30. Rb1 Qb5+ 31. Kg1 Rc8 32. Qd1 Rc3 33. Qe1 Qc4 34. Bf2 Rb3 35. Rxb3 Qxb3 36. Bh4 g5 37. Bf2 Bf6 38. h3 Bd8 39. Kh2 Qd3 40. Qe3 Qc4 41. Be1 Qb5 42. Qf3 Kg7 43. Qf5 Bf6 44. Qf3 Bd8 45. Kg3 Bb6 46. Bd2 Qd7 47. h4 Bd8 48. h5 Bb6 49. Be1 Qe8 50. Kg4 Qb5 51. Kg3 Bg1 52. Kh3 Qc4 53. Qf5 Qe2 54. Qg6+ Kf8 55. Qxd6+ Kf7 56. Qe6+ 1-0

[Event "VEN pre olympic2 (Women)"]
[Site "Caracas"]
[Date "2018.04.23"]
[Round "10"]
[White "Otazo Sanchez, Annyd Gabriela"]
[Black "Sequeda Mendoza, Nancy Stella"]
[Result "1/2-1/2"]
[WhiteElo "1951"]
[BlackElo "1918"]
[PlyCount "196"]
[EventDate "2018.04.18"]
[EventType "tourn"]
[EventRounds "10"]
[EventCountry "VEN"]
[SourceTitle "EXT 2019"]
[Source "ChessBase"]
[SourceDate "2018.10.10"]
[SourceVersion "1"]
[SourceVersionDate "2018.10.10"]
[SourceQuality "1"]

1. e4 e5 2. d4 exd4 3. Nf3 Nc6 4. Bc4 Nf6 5. 0-0 Nxe4 6. Nxd4 Bc5 7. Nxc6 bxc6 8. Qg4 0-0 9. Qxe4 d5 10. Qf3 dxc4 11. Qxc6 Qd6 12. Qxa8 c6 13. Bf4 Qg6 14. Bg3 Ba6 15. Bb8 c3 16. Nxc3 Bxf1 17. Rxf1 Bd6 18. Qxa7 Rxb8 19. Re1 h6 20. Qd4 Bb4 21. Qf4 Bd6 22. Qd4 Rd8 23. Qe4 Qh5 24. g3 Qc5 25. Qe3 Qb4 26. b3 Bc5 27. Qf3 Bd4 28. Rd1 Re8 29. Ne2 Ba7 30. c3 Qc5 31. Nd4 Rd8 32. Re1 Rd6 33. Re8+ Kh7 34. Qxf7 Qxc3 35. Qg8+ Kg6 36. Re6+ Rxe6 37. Qxe6+ Kh7 38. Qf5+ Kh8 39. Ne6 Bd4 40. Nxd4 Qxd4 41. Qc8+ Kh7 42. Qxc6 Qa1+ 43. Kg2 Qxa2 44. b4 Qb3 45. b5 Qa4 46. Qd5 Qa5 47. Qf5+ Kh8 48. Qc8+ Kh7 49. Qc6 Qa4 50. h4 Kh8 51. h5 Kh7 52. Qg6+ Kh8 53. b6 Qa8+ 54. Kh2 Qf3 55. Kg1 Qd1+ 56. Kg2 Qd5+ 57. f3 Qd2+ 58. Kh3 Qf2 59. Qe8+ Kh7 60. Qe4+ Kh8 61. b7 Qf1+ 62. Kg4 Qb5 63. f4 Qd7+ 64. Kh4 Qd8+ 65. Kh3 Qd7+ 66. f5 Qb5 67. Qf3 Kh7 68. Kh2 Qb2+ 69. Kh3 Qb5 70. Qe4 Qf1+ 71. Kg4 Qd1+ 72. Kf4 Qd6+ 73. Kf3 Qd1+ 74. Ke3 Qe1+ 75. Kd4 Qb4+ 76. Ke3 Qe1+ 77. Kf4 Qd2+ 78. Kf3 Qd1+ 79. Kf4 Qf1+ 80. Kg4 Qd1+ 81. Kh3 Qd8 82. f6+ Kh8 83. fxg7+ Kg8 84. Qe6+ Kxg7 85. Qg6+ Kf8 86. Qxh6+ Kg8 87. Qe6+ Kh7 88. Qf5+ Kg7 89. Qe5+ Kf7 90. b8Q Qh4+ 91. Kg2 Qh2+ 92. Kf3 Qf2+ 93. Ke4 Qf3+ 94. Kd4 Qd3+ 95. Kc5 Qc4+ 96. Kb6 Qa6+ 97. Kc5 Qc4+ 98. Kd6 Qc6+ 1/2-1/2

[Event "VEN-ch (Women)"]
[Site "Santo Domingo"]
[Date "2018.01.14"]
[Round "11"]
[White "Camacho, Maria Laura"]
[Black "Sequeda Mendoza, Nancy Stella"]
[Result "1/2-1/2"]
[WhiteElo "1926"]
[BlackElo "1897"]
[PlyCount "60"]
[EventDate "2018.01.09"]
[EventType "tourn"]
[EventRounds "11"]
[EventCountry "VEN"]
[SourceTitle "CBM 182 Extra"]
[Source "ChessBase"]
[SourceDate "2018.02.23"]
[SourceVersion "1"]
[SourceVersionDate "2018.02.23"]
[SourceQuality "1"]

1. d4 Nf6 2. Nf3 g6 3. Bf4 d5 4. e3 Bg7 5. Bd3 0-0 6. h3 c5 7. c4 Nc6 8. Nc3 dxc4 9. Bxc4 Nh5 10. Be5 cxd4 11. Bxg7 Nxg7 12. Nxd4 Nxd4 13. Qxd4 Qxd4 14. exd4 Rd8 15. Rd1 Nf5 16. d5 Nd6 17. Bb3 b6 18. 0-0 Bb7 19. Rfe1 Kf8 20. Ne4 Rac8 21. f3 Nc4 22. Bxc4 Rxc4 23. d6 Bxe4 24. dxe7+ Kxe7 25. Rxd8 Kxd8 26. Rxe4 Rc2 27. Ra4 Rxb2 28. Rxa7 Ke8 29. Kh2 b5 30. h4 h5 1/2-1/2

[Event "VEN-ch (Women)"]
[Site "Santo Domingo"]
[Date "2018.01.10"]
[Round "3"]
[White "Descarrega Zacarias, Vanessa"]
[Black "Sequeda Mendoza, Nancy Stella"]
[Result "1-0"]
[WhiteElo "1785"]
[BlackElo "1897"]
[PlyCount "69"]
[EventDate "2018.01.09"]
[EventType "tourn"]
[EventRounds "11"]
[EventCountry "VEN"]
[SourceTitle "CBM 182 Extra"]
[Source "ChessBase"]
[SourceDate "2018.02.23"]
[SourceVersion "1"]
[SourceVersionDate "2018.02.23"]
[SourceQuality "1"]

1. e4 e5 2. Nf3 Nf6 3. Nc3 Bb4 4. d3 Nc6 5. Be2 d5 6. exd5 Nxd5 7. Bd2 Nxc3 8. Bxc3 Bxc3+ 9. bxc3 0-0 10. 0-0 Qf6 11. Nd2 Bf5 12. Bf3 Rab8 13. Rb1 Qe6 14. Re1 Rfe8 15. Nc4 Qd7 16. Ne3 Bg6 17. Bd5 b6 18. Qg4 Qd6 19. Rb5 Na5 20. Nf5 Qf6 21. Be4 c5 22. Ng3 Bxe4 23. Rxe4 Qc6 24. Nf5 g6 25. Nh6+ Kg7 26. Qh4 f5 27. Re3 Qf6 28. Rg3 Rf8 29. Qh3 g5 30. Qh5 Kh8 31. Rxg5 Qg6 32. Rxf5 Rxf5 33. Nxf5 Rf8 34. Qxg6 hxg6 35. Nh4 1-0

[Event "Valencia Martis Cup (Women) 1st"]
[Site "Valencia"]
[Date "2017.12.09"]
[Round "9"]
[White "Sequeda Mendoza, Nancy Stella"]
[Black "Patino Garcia, Corals"]
[Result "0-1"]
[WhiteElo "1923"]
[BlackElo "2008"]
[PlyCount "82"]
[EventDate "2017.12.05"]
[EventType "tourn"]
[EventRounds "9"]
[EventCountry "VEN"]
[SourceTitle "CBM 182 Extra"]
[Source "ChessBase"]
[SourceDate "2018.02.23"]
[SourceVersion "1"]
[SourceVersionDate "2018.02.23"]
[SourceQuality "1"]

1. e4 c5 2. Nf3 e6 3. d4 cxd4 4. Nxd4 Nc6 5. Be3 Qc7 6. Bd3 a6 7. c4 Nf6 8. 0-0 Ne5 9. h3 Nxd3 10. Qxd3 b6 11. f4 Bb7 12. Nd2 Bb4 13. e5 Bxd2 14. Bxd2 Ne4 15. Bb4 Nc5 16. Qe3 0-0 17. f5 Kh8 18. Rf4 Rae8 19. Re1 exf5 20. Bxc5 bxc5 21. Nxf5 Re6 22. Nd6 Kg8 23. Qf2 Rg6 24. Nxb7 Qxb7 25. b3 Qc6 26. Rf1 Qe6 27. Rf5 Qe7 28. Qd2 Re6 29. Qd5 g6 30. Rf6 Rxe5 31. Qd6 Qe8 32. Qxa6 Re2 33. Qd6 Qe3+ 34. R6f2 Rxa2 35. Qxd7 Rxf2 36. Rxf2 Qxb3 37. Qd5 Qe3 38. Qd1 Ra8 39. Qc2 Ra1+ 40. Kh2 Qe5+ 41. g3 Qe1 0-1

[Event "Valencia Martis Cup (Women) 1st"]
[Site "Valencia"]
[Date "2017.12.05"]
[Round "2"]
[White "Sequeda Mendoza, Nancy Stella"]
[Black "Franco Valencia, Beatriz Irene"]
[Result "0-1"]
[WhiteElo "1923"]
[BlackElo "2220"]
[PlyCount "102"]
[EventDate "2017.12.05"]
[EventType "tourn"]
[EventRounds "9"]
[EventCountry "VEN"]
[SourceTitle "CBM 182 Extra"]
[Source "ChessBase"]
[SourceDate "2018.02.23"]
[SourceVersion "1"]
[SourceVersionDate "2018.02.23"]
[SourceQuality "1"]

1. e4 g6 2. d4 Bg7 3. Nc3 d6 4. Nf3 a6 5. Be3 b5 6. a3 Bb7 7. Bd3 Nd7 8. Qd2 Rc8 9. 0-0 c5 10. d5 h6 11. Ne1 Ngf6 12. h3 Qc7 13. f4 0-0 14. Nf3 c4 15. Be2 Nc5 16. e5 Nfe4 17. Nxe4 Nxe4 18. Qd4 Ng3 19. Rfe1 Nf5 20. Qd2 Nxe3 21. Qxe3 dxe5 22. Nxe5 Bxd5 23. Rad1 Rfd8 24. Nxg6 fxg6 25. Rxd5 Rxd5 26. Qe6+ Kh7 27. Qxd5 Qxf4 28. Bf3 Bd4+ 29. Kh1 Rc7 30. c3 Bg7 31. Qe6 Qd6 32. Qe4 Qg3 33. Qe6 Rd7 34. Rf1 Qd6 35. Qg4 h5 36. Qe4 Qd3 37. Qe1 Qd2 38. Qe6 Qd6 39. Qe4 Qd3 40. Qe1 Rd6 41. Be4 Qd2 42. Qh4 Qe2 43. Re1 Rd1 44. Rxd1 Qxd1+ 45. Kh2 Be5+ 46. g3 Bf6 47. Qf4 Qe2+ 48. Kg1 Qxb2 49. Qf3 Kg7 50. g4 h4 51. Bc6 Qxa3 0-1

[Event "San Cristobal op 3rd"]
[Site "San Cristobal"]
[Date "2016.11.11"]
[Round "3"]
[White "Diaz Carias, Salvador"]
[Black "Sequeda Mendoza, Nancy Stella"]
[Result "1-0"]
[WhiteElo "2014"]
[BlackElo "1900"]
[PlyCount "69"]
[EventDate "2016.11.10"]
[EventType "swiss"]
[EventRounds "7"]
[EventCountry "VEN"]
[SourceTitle "EXT 2018"]
[Source "ChessBase"]
[SourceDate "2017.10.13"]
[SourceVersion "1"]
[SourceVersionDate "2017.10.13"]
[SourceQuality "1"]

1. e4 c5 2. Nc3 Nc6 3. f4 d6 4. Bb5 Bd7 5. Nf3 a6 6. Bxc6 Bxc6 7. 0-0 Nf6 8. d3 e6 9. Kh1 Be7 10. Qe1 0-0 11. d4 b5 12. dxc5 dxc5 13. e5 Nd5 14. Bd2 Qc7 15. Ne4 Qb7 16. Ng3 Rfd8 17. f5 exf5 18. Nxf5 Bf8 19. Qg3 f6 20. Rae1 Qc7 21. Qg4 Kh8 22. Qh4 Bd7 23. e6 Bc6 24. Qg4 g6 25. Nh6 Be8 26. Re2 Bd6 27. Qh4 Qg7 28. Qe4 Ne7 29. Nf7+ Bxf7 30. exf7 Qxf7 31. Ng5 Qxa2 32. Rxf6 Rf8 33. Bc3 Kg8 34. b3 Rxf6 35. Bxf6 1-0

[Event "Fuerza Aurinegra op 1st"]
[Site "San Cristobal"]
[Date "2015.11.13"]
[Round "5"]
[White "Sequeda Mendoza, Nancy Stella"]
[Black "Chacon Mejia, Gabriel Alejandro"]
[Result "1/2-1/2"]
[WhiteElo "1952"]
[BlackElo "1712"]
[PlyCount "39"]
[EventDate "2015.11.11"]
[EventType "swiss"]
[EventRounds "7"]
[EventCountry "VEN"]
[SourceTitle "EXT 2018"]
[Source "ChessBase"]
[SourceDate "2017.10.13"]
[SourceVersion "1"]
[SourceVersionDate "2017.10.13"]
[SourceQuality "1"]

1. e4 c5 2. Nf3 d6 3. d4 cxd4 4. Nxd4 Nf6 5. Nc3 a6 6. Bg5 e6 7. Qd3 Be7 8. f4 Nbd7 9. Be2 Qc7 10. 0-0 0-0 11. Kh1 b5 12. Bf3 Bb7 13. a3 Rfe8 14. Rae1 Rad8 15. Qe3 h6 16. Bh4 Ng4 17. Bxg4 Bxh4 18. Rd1 Be7 19. Qg3 Bf8 20. Rd2 1/2-1/2

[Event "Fuerza Aurinegra op 1st"]
[Site "San Cristobal"]
[Date "2015.11.12"]
[Round "4"]
[White "Massari, Salvador"]
[Black "Sequeda Mendoza, Nancy Stella"]
[Result "1-0"]
[WhiteElo "1948"]
[BlackElo "1952"]
[PlyCount "63"]
[EventDate "2015.11.11"]
[EventType "swiss"]
[EventRounds "7"]
[EventCountry "VEN"]
[SourceTitle "EXT 2018"]
[Source "ChessBase"]
[SourceDate "2017.10.13"]
[SourceVersion "1"]
[SourceVersionDate "2017.10.13"]
[SourceQuality "1"]

1. e4 e5 2. Nf3 Nf6 3. Nc3 Bb4 4. Bc4 Nc6 5. d3 h6 6. Bd2 0-0 7. 0-0 Na5 8. Nxe5 d6 9. a3 dxe5 10. axb4 Nxc4 11. dxc4 Qd4 12. Qe2 Bg4 13. Qe3 Rfd8 14. Bc1 Qxc4 15. b5 a6 16. f3 Bh5 17. Ra4 Qe6 18. bxa6 Rxa6 19. Rxa6 Qxa6 20. Qc5 Qd6 21. Qxd6 Rxd6 22. Be3 Nd7 23. Ra1 c6 24. Ra8+ Kh7 25. Rd8 b5 26. b4 f6 27. Kf2 Bf7 28. Ke1 Be6 29. Bc5 Rd4 30. Bxd4 exd4 31. Ne2 c5 32. Nf4 1-0

[Event "Fuerza Aurinegra op 1st"]
[Site "San Cristobal"]
[Date "2015.11.11"]
[Round "2"]
[White "Diaz Calderon, Salvador"]
[Black "Sequeda Mendoza, Nancy Stella"]
[Result "1/2-1/2"]
[WhiteElo "1920"]
[BlackElo "1952"]
[PlyCount "58"]
[EventDate "2015.11.11"]
[EventType "swiss"]
[EventRounds "7"]
[EventCountry "VEN"]
[SourceTitle "EXT 2018"]
[Source "ChessBase"]
[SourceDate "2017.10.13"]
[SourceVersion "1"]
[SourceVersionDate "2017.10.13"]
[SourceQuality "1"]

1. e4 e5 2. Nf3 Nf6 3. Nc3 Bb4 4. Nxe5 0-0 5. Be2 Re8 6. Nf3 Nxe4 7. Nd5 Nc6 8. 0-0 d6 9. d3 Nf6 10. Bg5 Be6 11. Bxf6 gxf6 12. Nxb4 Nxb4 13. Qd2 Nc6 14. d4 Bf5 15. Rfe1 Qd7 16. c3 Re7 17. Bb5 Rxe1+ 18. Rxe1 a6 19. Bc4 d5 20. Bd3 Bg6 21. h3 Re8 22. Re3 Kf8 23. Nh2 Rxe3 24. Qxe3 Qe7 25. Be2 Qxe3 26. fxe3 Ne7 27. Ng4 Kg7 28. Bf3 Bb1 29. a3 Ba2 1/2-1/2

[Event "Fuerza Aurinegra op 1st"]
[Site "San Cristobal"]
[Date "2015.11.11"]
[Round "1"]
[White "Sequeda Mendoza, Nancy Stella"]
[Black "Romero Barreto, Jaime Jose"]
[Result "0-1"]
[WhiteElo "1952"]
[BlackElo "2263"]
[PlyCount "98"]
[EventDate "2015.11.11"]
[EventType "swiss"]
[EventRounds "7"]
[EventCountry "VEN"]
[SourceTitle "EXT 2018"]
[Source "ChessBase"]
[SourceDate "2017.10.13"]
[SourceVersion "1"]
[SourceVersionDate "2017.10.13"]
[SourceQuality "1"]

1. e4 d6 2. d4 Nf6 3. Nc3 e5 4. Nf3 Nbd7 5. Bc4 Be7 6. 0-0 0-0 7. h3 c6 8. Bb3 b5 9. a3 Bb7 10. Re1 h6 11. d5 Nc5 12. dxc6 Bxc6 13. Bd5 Bxd5 14. Nxd5 Ncxe4 15. Qd3 Nxd5 16. Qxd5 Nc5 17. b4 Na4 18. Qxb5 Nc3 19. Qd3 Rc8 20. Bd2 e4 21. Qe3 Bf6 22. Nd4 Bg5 23. f4 exf3 24. Qd3 Bxd2 25. Qxd2 fxg2 26. Re3 Qg5 27. Qf2 Rfe8 28. Rg3 Ne4 29. Rxg5 Nxf2 30. Rg3 Re4 31. c3 Rf4 32. Re1 Ne4 33. Rg4 Rxg4 34. hxg4 d5 35. Nf5 Kf8 36. Re3 g6 37. Nd4 Rxc3 38. Rxc3 Nxc3 39. Kxg2 Ke7 40. Kf3 Kd6 41. Kf4 a6 42. Nf3 f6 43. Nd4 Nb5 44. Nc2 h5 45. gxh5 gxh5 46. a4 Nc3 47. a5 Nb5 48. Kf5 d4 49. Kf4 Kd5 0-1

[Event "VEN-ch (Women)"]
[Site "Lecheria"]
[Date "2015.03.17"]
[Round "9"]
[White "Sequeda Mendoza, Nancy Stella"]
[Black "Montilla Reyes, Jorcerys"]
[Result "0-1"]
[WhiteElo "1975"]
[BlackElo "2112"]
[PlyCount "90"]
[EventDate "2015.03.12"]
[EventType "tourn"]
[EventRounds "11"]
[EventCountry "VEN"]
[SourceTitle "CBM 165 Extra"]
[Source "ChessBase"]
[SourceDate "2015.04.21"]
[SourceVersion "1"]
[SourceVersionDate "2015.04.21"]
[SourceQuality "1"]

1. e4 c5 2. Nf3 Nc6 3. d4 cxd4 4. Nxd4 Qb6 5. Nb3 Nf6 6. Nc3 e6 7. Bd3 Be7 8. Be3 Qc7 9. f4 d6 10. 0-0 a6 11. Qf3 0-0 12. Rae1 Nd7 13. Qh3 Nb4 14. g4 Nc5 15. Nc1 Ncxd3 16. cxd3 Nc2 17. Re2 Nxe3 18. Qxe3 b5 19. a3 Bb7 20. Nb3 Qd7 21. Na5 d5 22. Qf3 d4 23. Na2 Rac8 24. Nxb7 Qxb7 25. Rc1 a5 26. Qf2 b4 27. axb4 axb4 28. b3 Qb5 29. Rc4 Rxc4 30. bxc4 Qa5 31. Rb2 Ra8 32. Qc2 Qa3 33. Nc1 Qc3 34. Kf2 Ra1 35. Ne2 Qe1+ 36. Kg2 Qf1+ 37. Kg3 Re1 38. c5 h5 39. gxh5 b3 40. Qd2 Bxc5 41. e5 Ba3 42. Nxd4 Bxb2 43. Qxb2 Qxd3+ 44. Kg2 Rb1 45. Qf2 b2 0-1

[Event "VEN-ch (Women)"]
[Site "Lecheria"]
[Date "2015.03.13"]
[Round "3"]
[White "Vasquez Alcala, Astrid"]
[Black "Sequeda Mendoza, Nancy Stella"]
[Result "0-1"]
[WhiteElo "2016"]
[BlackElo "1975"]
[PlyCount "128"]
[EventDate "2015.03.12"]
[EventType "tourn"]
[EventRounds "11"]
[EventCountry "VEN"]
[SourceTitle "CBM 165 Extra"]
[Source "ChessBase"]
[SourceDate "2015.04.21"]
[SourceVersion "1"]
[SourceVersionDate "2015.04.21"]
[SourceQuality "1"]

1. d4 Nf6 2. Nf3 g6 3. g3 Bg7 4. Bg2 c5 5. 0-0 cxd4 6. Nxd4 0-0 7. c4 Nc6 8. Nc3 Nxd4 9. Qxd4 d6 10. Qd3 Rb8 11. Rd1 b6 12. Nb5 Qd7 13. e4 Ng4 14. f4 Qc6 15. Qd5 Qxd5 16. cxd5 a6 17. Nd4 Bd7 18. h3 Nf6 19. Be3 Rfc8 20. Rac1 Kf8 21. Kf2 Ne8 22. Ke1 Rxc1 23. Rxc1 Rc8 24. Rxc8 Bxc8 25. Nc6 Bxb2 26. Bxb6 e6 27. dxe6 Bxe6 28. a4 Nf6 29. Bd8 Bc3+ 30. Kf2 Ke8 31. Ba5 Bxa5 32. Nxa5 Kd8 33. g4 Kc7 34. f5 Bd7 35. g5 Ne8 36. fxg6 hxg6 37. e5 dxe5 38. Nc4 Bxa4 39. Nxe5 Bb3 40. Ke3 a5 41. Kd2 Kd6 42. Nc6 a4 43. Nd4 Bd5 44. Bf1 Ke5 45. Nc2 Nd6 46. Kc3 Ne4+ 47. Kb4 Nxg5 48. Kxa4 Be6 49. Kb4 Nxh3 50. Kc3 Nf4 51. Kd2 Ke4 52. Ke1 Bb3 53. Nb4 Ke3 54. Nc6 Nd3+ 55. Bxd3 Kxd3 56. Kf2 Ke4 57. Nb4 f5 58. Na6 Bc4 59. Nb4 g5 60. Nc2 f4 61. Ne1 g4 62. Ng2 Bd5 63. Nh4 g3+ 64. Kf1 f3 0-1

[Event "VEN-ch qual 2nd Cojedes"]
[Site "San Carlos"]
[Date "2014.08.16"]
[Round "6"]
[White "Duran Reina, Luisa Elena"]
[Black "Sequeda Mendoza, Nancy Stella"]
[Result "0-1"]
[WhiteElo "1968"]
[BlackElo "1972"]
[PlyCount "42"]
[EventDate "2014.08.14"]
[EventType "swiss"]
[EventRounds "7"]
[EventCountry "VEN"]
[SourceTitle "EXT 2018"]
[Source "ChessBase"]
[SourceDate "2017.10.13"]
[SourceVersion "1"]
[SourceVersionDate "2017.10.13"]
[SourceQuality "1"]

1. d4 Nf6 2. c4 g6 3. Nc3 d5 4. cxd5 Nxd5 5. g3 Bg7 6. Bg2 Nxc3 7. bxc3 c5 8. Be3 0-0 9. Nf3 Qa5 10. Qd2 Nc6 11. Rd1 Rd8 12. 0-0 Bg4 13. d5 Bxc3 14. Qc2 Bxf3 15. Bxf3 Nd4 16. Bxd4 Bxd4 17. h4 Rac8 18. h5 Qc7 19. hxg6 Qxg3+ 20. Kh1 Qh3+ 21. Kg1 Be5 0-1

[Event "VEN-ch qual 2nd Cojedes"]
[Site "San Carlos"]
[Date "2014.08.15"]
[Round "3"]
[White "Sequeda Mendoza, Nancy Stella"]
[Black "Marin Ramirez, Gerardo"]
[Result "0-1"]
[WhiteElo "1972"]
[BlackElo "2166"]
[PlyCount "112"]
[EventDate "2014.08.14"]
[EventType "swiss"]
[EventRounds "7"]
[EventCountry "VEN"]
[SourceTitle "EXT 2018"]
[Source "ChessBase"]
[SourceDate "2017.10.13"]
[SourceVersion "1"]
[SourceVersionDate "2017.10.13"]
[SourceQuality "1"]

1. e4 c5 2. Nf3 Nc6 3. d4 cxd4 4. Nxd4 Nf6 5. Nc3 d6 6. Be2 e6 7. 0-0 Be7 8. Be3 0-0 9. f4 a6 10. Bf3 Bd7 11. Qe1 Rc8 12. Nb3 b5 13. a3 b4 14. axb4 Nxb4 15. Qf2 d5 16. e5 Ne8 17. Bb6 Nc7 18. Nc5 Qe8 19. Kh1 Bb5 20. Rfc1 Na8 21. Nb3 Nxb6 22. Qxb6 Bc4 23. Be2 Bxe2 24. Nxe2 Nxc2 25. Rxa6 Rb8 26. Qc6 Nb4 27. Qxe8 Rfxe8 28. Ra7 Nd3 29. Rc2 Bd8 30. Ra3 Be7 31. Ra7 Bf8 32. Nbd4 Rxb2 33. Rxb2 Nxb2 34. g3 Rc8 35. Rb7 Nc4 36. Kg2 h6 37. Ra7 Bc5 38. Ra4 Rb8 39. Ra2 Rb1 40. Nf3 Ne3+ 41. Kh3 Nf5 42. Rc2 Bb6 43. Nd2 Re1 44. Nf3 Rf1 45. Rb2 Be3 46. Nh4 Nxh4 47. Kxh4 Rf2 48. Kh3 d4 49. Rb8+ Kh7 50. Nxd4 Bxd4 51. Rb1 Rd2 52. Rf1 Bf2 53. Rb1 Kg6 54. Ra1 Kf5 55. Rb1 g5 56. fxg5 hxg5 0-1

[Event "VEN-ch (Women)"]
[Site "Lecheria"]
[Date "2014.01.12"]
[Round "4"]
[White "Chghale Perez, Rosmarly Josefina"]
[Black "Sequeda Mendoza, Nancy Stella"]
[Result "0-1"]
[WhiteElo "1802"]
[BlackElo "2012"]
[PlyCount "56"]
[EventDate "2014.01.10"]
[EventType "swiss"]
[EventRounds "9"]
[EventCountry "VEN"]
[SourceTitle "CBM 158 Extra"]
[Source "ChessBase"]
[SourceDate "2014.02.28"]
[SourceVersion "1"]
[SourceVersionDate "2014.02.28"]
[SourceQuality "1"]

1. d4 Nf6 2. Nf3 g6 3. b3 Bg7 4. Bb2 0-0 5. Nbd2 d5 6. h3 Nbd7 7. e3 c5 8. Bd3 a6 9. 0-0 b5 10. c4 cxd4 11. exd4 dxc4 12. bxc4 bxc4 13. Bxc4 Bb7 14. Re1 Nb6 15. Bb3 Nbd5 16. Ne4 Nxe4 17. Rxe4 Nc3 18. Bxc3 Bxe4 19. Ng5 Bd5 20. Bc2 Rc8 21. Bb2 e5 22. Ne4 exd4 23. Bxd4 Bxe4 24. Bxg7 Bxc2 25. Qxd8 Rfxd8 26. Bf6 Rd1+ 27. Rxd1 Bxd1 28. Kh2 Rc2 0-1

[Event "Nuestra Senora de Chiquinquira Cup 13th"]
[Site "Maracaibo"]
[Date "2012.11.24"]
[Round "6"]
[White "Aponte Montes de Oca, Oriana Isabel"]
[Black "Sequeda Mendoza, Nancy Stella"]
[Result "0-1"]
[WhiteElo "1905"]
[BlackElo "2047"]
[PlyCount "60"]
[EventDate "2012.11.22"]
[EventType "swiss"]
[EventRounds "7"]
[EventCountry "VEN"]
[SourceTitle "EXT 2024"]
[Source "ChessBase"]
[SourceDate "2023.10.10"]
[SourceVersion "1"]
[SourceVersionDate "2023.10.10"]
[SourceQuality "1"]

1. e4 e5 2. Nf3 Nf6 3. Nxe5 d6 4. Nf3 Nxe4 5. Nc3 Nxc3 6. dxc3 Be7 7. Bf4 0-0 8. Qd2 Nd7 9. 0-0-0 Nc5 10. Be3 Re8 11. h4 Ne4 12. Qd5 Nf6 13. Qd3 Bg4 14. Be2 Qd7 15. Ng5 Bxe2 16. Qxe2 Ng4 17. Qd3 g6 18. Bd4 Qd8 19. f4 Bf6 20. Kb1 Bxd4 21. Qxd4 Qf6 22. Qd2 h5 23. Rh3 Re7 24. Rf3 Qf5 25. Qd3 Qxd3 26. cxd3 Rae8 27. Ne4 f5 28. Nd2 Re2 29. Nc4 Rxg2 30. Rff1 b5 0-1